000 01139cam a2200325 i 4500
001 41058
003 Mx-PuUPA
005 20250219130240.0
008 140415s2007 ag gr 000 f spa d
020 _a9789870407096
040 _aMx-PuUPA
_cMx-PuUPA
_bspa
_dMx-PuUPA
_erda
041 1 _aspa
_heng
100 1 _aGolden, Arthur,
_d1957-
_916708
_eautor
240 1 0 _aMemoirs of a geisha.
_lEspañol
245 1 0 _aMemorias de una geisha /
_b
_cArthur Golden ; de la traducción, Pilar Vázquez Álvarez
250 _aPrimera edición /
_bmayo
264 1 _aBuenos Aires, Argentina :
_bAguilar,
_c2007
300 _a414 páginas ;
_c22 cm
336 _2rdacontent
_atexto
_btxt
337 _2rdamedia
_asin medio
_bn
338 _2rdacarrier
_avolumen
_bnc
650 7 _2armarc
_913986
_aNarrativa Estadounidense
650 7 _2armarc
_aNovela romántica
765 0 _aGolden, Arthur, 1957-
_tMemoirs of a geisha.
942 _cLI
_2ddc
_h813
_iG5618 2007
_n
999 _c41058
_d41058